PMMP kaikki biisit - Statistics

Yleistilastot
  • Tätä visaa on pelattu 269 kertaa
  • Keskiarvotulos 31 / 68
Vastaustilastot
Albumi Kappale % Oikein
Kuulkaas enot! Rusketusraidat
90%
Veden varaan Lautturi
88%
Kovemmat kädet Kovemmat kädet
85%
Kovemmat kädet Pikkuveli
85%
Rakkaudesta Heliumpallo
79%
Kuulkaas enot! Joutsenet
74%
Kovemmat kädet Matkalaulu
74%
Kovemmat kädet Oo siellä jossain mun
70%
Leskiäidin tyttäret Joku raja
65%
Kovemmat kädet Päiväkoti
64%
Puuhevonen Puuhevonen
64%
Rakkaudesta Rakkaalleni
64%
Leskiäidin tyttäret Leskiäidin tyttäret
63%
Veden varaan Pariterapiaa
61%
Kovemmat kädet Mummola
56%
Leskiäidin tyttäret Kesäkaverit
55%
Kovemmat kädet Maria Magdalena
55%
Kuulkaas enot! Niina
54%
Rakkaudesta Jeesus ei tule oletko valmis
52%
Kuulkaas enot! Kesä -95
52%
Kovemmat kädet Matoja
52%
Kovemmat kädet Kumivirsi
51%
Rakkaudesta Tytöt
50%
Leskiäidin tyttäret Henkilökohtaisesti
49%
Leskiäidin tyttäret Taiteilia
49%
Puuhevonen Täti Monika
49%
Kovemmat kädet Salla tahtoo siivet
48%
Veden varaan Viimeinen valitusvirsi
47%
Kuulkaas enot! Isin pikku tyttö
46%
Veden varaan San Francisco
46%
Veden varaan Merimiehen vaimo
44%
Kuulkaas enot! Synestesia
44%
Rakkaudesta Korkeasaari
43%
Leskiäidin tyttäret Tässä elämä on
43%
Leskiäidin tyttäret Kohkausrock
41%
Rakkaudesta Koko show
39%
Kuulkaas enot! Poika
39%
Kuulkaas enot! Odotan
38%
Kovemmat kädet Onni
38%
Rakkaudesta 4ever young
37%
Veden varaan Lapsuus loppui
37%
Kovemmat kädet Olkaa yksin ja juoskaa karkuun
37%
Rakkaudesta Pahvinaamari
37%
Veden varaan Tulva
37%
Leskiäidin tyttäret Päät soittaa
36%
Kovemmat kädet Auta mua
35%
Veden varaan Kuvia
35%
Puuhevonen Magdaleena
35%
Veden varaan Se vaikenee joka pelkää
35%
Rakkaudesta Toivo
35%
Leskiäidin tyttäret Kiitos
34%
Veden varaan Taajama
34%
Puuhevonen Mustan kissan tango
33%
Leskiäidin tyttäret Onko sittenkään hyvä näin
33%
Kuulkaas enot! Onnellinen päivä
32%
Kuulkaas enot! Ikuinen leikki
31%
Rakkaudesta Kevään valo
29%
Puuhevonen Hyvin hiljaa
28%
Puuhevonen Lörpötys
27%
Puuhevonen Pikku Lauri
27%
Puuhevonen Jospas minä kissan saisin
26%
Puuhevonen Minä soitan harmonikkaa
26%
Puuhevonen Ihahaa
25%
Puuhevonen Neljä kissanpoikaa
23%
Puuhevonen Suojelusenkeli
23%
Puuhevonen Etkö ymmärrä
21%
Puuhevonen Katinka
20%
Puuhevonen Hyljätty nukke
19%
Ehtoja vastaavia visoja ei löytynyt
Tulosjakauma
Jokaisen tuloksen saaneiden osuus
Persentiili vastausten määrän mukaan
Tuloshistoriasi
Et ole pelannut tätä visaa